| Tag |
First Indicator |
Second Indicator |
Subfields |
| LEADER |
00000cam a2200000 4500 |
| 001 |
in00000053854 |
| 005 |
20151008050906.0 |
| 008 |
720112r19631928nyu b 00000 eng u |
| 035 |
|
|
|a (OCoLC)00203549
|
| 035 |
|
|
|9 AAG4092AM
|
| 040 |
|
|
|c WBU
|d TXA
|d UtOrBLW
|
| 041 |
1 |
|
|a eng
|a ger
|
| 049 |
|
|
|a TXAM
|c [366648]
|
| 090 |
|
|
|a HC45
|b .E62 1963
|
| 092 |
|
|
|a 332
|b E33c
|
| 100 |
1 |
|
|a Ehrenberg, Richard,
|d 1857-1921.
|
| 245 |
1 |
0 |
|a Capital and finance in the age of the renaissance ;
|b a study of the Fuggers and their connections /
|c by Richard Ehrenberg, translated from the German by H. M. Lucas.
|
| 264 |
|
1 |
|a New York :
|b A. M. Kelley,
|c 1963 [1928]
|
| 300 |
|
|
|a 390 pages ;
|c 23 cm.
|
| 336 |
|
|
|a text
|b txt
|2 rdacontent
|
| 337 |
|
|
|a unmediated
|b n
|2 rdamedia
|
| 338 |
|
|
|a volume
|b nc
|2 rdacarrier
|
| 490 |
0 |
|
|a Reprints of economic classics
|
| 500 |
|
|
|a A translation with sections omitted, of Das Zeitalter der Fugger.
|
| 504 |
|
|
|a Bibliographical footnotes.
|
| 600 |
3 |
0 |
|a Fugger family.
|
| 650 |
|
0 |
|a Commerce
|x History.
|
| 650 |
|
0 |
|a Banks and banking
|x History.
|
| 700 |
1 |
|
|a Lucas, H. M.
|q (Harriet Marcelia)
|
| 999 |
|
|
|a MARS
|
| 999 |
f |
f |
|s bc6cb66b-3429-3be7-88a2-10e480a78e23
|i a0ac8ca2-2ed4-3fd6-9368-e44c78185c97
|t 0
|
| 952 |
f |
f |
|p ric
|a Texas A&M University
|b Rellis Campus
|c Joint Library Facility
|d Remote Storage
|t 0
|e HC45 .E62 1963
|h Library of Congress classification
|i unmediated -- volume
|m A14800726239
|
| 998 |
f |
f |
|a HC45 .E62 1963
|t 0
|l Remote Storage
|